| 000 | 00588nam a2200217 4500 | ||
|---|---|---|---|
| 003 | LK-CoMWRAF | ||
| 005 | 20231020110527.0 | ||
| 008 | 230928b1997 |||||||| |||| 00| 0 eng d | ||
| 020 | _a1573921629 | ||
| 040 |
_aLK-CoMWRAF _dLK-CoMWRAF _eLK-CoMWRAF |
||
| 041 | _aeng | ||
| 082 |
_a297.082 _bHEK |
||
| 100 | _aHekmat, Anwar | ||
| 245 |
_aWomen and the Koran : _bThe status of women in Islam |
||
| 260 |
_aAmherst, N.Y. : _bPrometheus Books, _c1997 |
||
| 300 | _a278p. ; 24cm. | ||
| 650 | _aWomen in the Qurʾan | ||
| 650 | _aWomen in Islam | ||
| 650 | _aMuslim women | ||
| 942 | _cBK | ||
| 999 |
_c3731 _d3731 |
||